El desarrollo del turismo religioso translocal: el caso de la Santería afrocubana en Lima, Perú = The development of the translocal religious tourism : a case of the afro-cuban santeria in Lima, Peru /
Se tiene como objetivo analizar el origen y desarrollo del turismo religioso translocal en Lima, Perú; haciendo hincapié en la santería afrocubana. Se menciona brevemente la estructura de la santería; la organización ritual, oracural y política de la misma; se menciona además la representación y prá...
Đã lưu trong:
| Tác giả chính: | |
|---|---|
| Định dạng: | Texto |
| Những chủ đề: | |
| Các nhãn: |
Thêm thẻ
Không có thẻ, Là người đầu tiên thẻ bản ghi này!
|
MARC
| LEADER | 00000 a a2200000 04500 | ||
|---|---|---|---|
| 001 | 43408 | ||
| 003 | |||
| 040 | |||
| 100 | |a Saldivar Arellano, Juan Manuel | ||
| 245 | |a El desarrollo del turismo religioso translocal: el caso de la Santería afrocubana en Lima, Perú = |b The development of the translocal religious tourism : a case of the afro-cuban santeria in Lima, Peru / |c Juan Manuel Saldivar Arellano | ||
| 500 | |a jsaldivar@pucp.pe | ||
| 520 | |a Se tiene como objetivo analizar el origen y desarrollo del turismo religioso translocal en Lima, Perú; haciendo hincapié en la santería afrocubana. Se menciona brevemente la estructura de la santería; la organización ritual, oracural y política de la misma; se menciona además la representación y práctica que vincula aspectos sobrenaturales popularizados culturalmente como formas de vida y expresiones de origen caribeño. Los resultados señalan el consumo de prácticas exóticas vinculadas a la desterritorialización; geopolítica y mercantilización de la santería como producto negociable y como ideología apropiada por las clases media/altas limeñas. | ||
| 590 | |a KSR/JULIO2012 | ||
| 650 | |a TURISMO | ||
| 650 | |a GRUPOS RELIGIOSOS | ||
| 650 | |a PRACTICAS RELIGIOSAS | ||
| 650 | |a GEOPOLITICA | ||
| 650 | |a PERU | ||
| 773 | |g volumen91, número1 (2012), páginas 139-155 | ||
| 999 | |c 21879 |d 21879 | ||
